000 00843nam a2200277Ia 4500
003 OSt
005 20220928124341.0
006 a|||||r|||| 00| 0
007 ta
008 220927b |||||||| |||| 00| 0 eng d
020 _c619
024 _a128476
037 _b179, 15/12/2015, Classic Book Service
_cTextual
040 _aSDCL
_cSDCL
_beng
041 _2eng
_aeng
082 _aD6,8(B2896), P4
100 _aGoodrich Michael
_9464564
245 0 _aData structures and algorithms in C++
260 _aNew Delhi
_bWiley
_c2014
300 _axv;683p.
_ccm.
650 _aI I C
700 _a Mount David M.
_9464565
700 _a Tamassia Roberto
942 _hD6,8(B2896), P4
_cTEXL
_2CC
999 _c777462
_d777462